000 00616nam a2200217 a 4500
001 0001-2017
003 ELIB.Books
008 190612 2010 eng
020 _aKBTS
092 _a248
_bPry
100 _aPryor, Jane-Elyse.
245 _aLife Songs Giving Voice to the Spirit Within Inspirational Thoughts Meditations Reflections
260 _aKansas City
_bHallmark Cards, Inc.
_c2010
300 _a50
_c18 Cm
650 _aChristian Life
856 _nKBTS Library
_uKBTS Elib
942 _2ddc
_cBK
990 _a1
998 _aEnglishbooks.elf
_ccat
_e2019-06-12
999 _c12017
_d12017